Ako urobiť pre značkové výrobky na trhu to najlepšie

Rozhovor s A. Galaskim, generálnym riaditeľom Európskej asociácie značkových výrobcov (AIM). Poslanie asociácie na Slovensku. Spotrebiteľský trh v rámci európskeho regiónu. Postavenie združení značkových výrobcov vo vzťahu k osobným reťazcom, prípadne združeniam reklamy a médií.

Salvato in:
Dettagli Bibliografici
Autore principale: Vladár, P.
Altri autori: Galaski, A.
Natura: Capitolo di libro
Lingua:slovacco
Soggetti:
Tags: Aggiungi Tag
Nessun Tag, puoi essere il primo ad aggiungerne!!

MARC

LEADER 00000naa a2200000 4500
001 r025101
005 20230922094453.1
041 0 |a slo 
044 |a SK 
245 1 0 |a Ako urobiť pre značkové výrobky na trhu to najlepšie  |c P. Vladár, A. Galaski 
520 |a Rozhovor s A. Galaskim, generálnym riaditeľom Európskej asociácie značkových výrobcov (AIM). Poslanie asociácie na Slovensku. Spotrebiteľský trh v rámci európskeho regiónu. Postavenie združení značkových výrobcov vo vzťahu k osobným reťazcom, prípadne združeniam reklamy a médií. 
610 2 0 |a združenia 
610 2 0 |a AIM 
610 2 0 |a výrobky značkové 
100 1 |a Vladár, P. 
700 1 |a Galaski, A.